000 00252nam a2200097Ia 4500
001 1164041
005 20250827011714.0
008 250824s9999 xx 000 0 und d
245 0 _aCOLUMBUS'UN KADINLARI
_cMÜGE İPLİKÇİ
260 _bEVEREST YAYINLARI
999 _c1164041
_d1164041